Statistics for Valve Video games

Click here to take the quiz!

General Stats

  • This quiz has been taken 211 times
  • The average score is 11 of 24

Answer Stats

HintAnswer% Correct
1998half life
96%
2004half life 2
93%
2007portal
81%
2011portal 2
80%
2000counter strike
73%
2012counter strike global offensive
69%
2007Team Fortress 2
62%
2004counter strike source
52%
2006half life 2 episode 1
49%
2007half life 2 episode 2
48%
2008left 4 dead
48%
2013dota 2
46%
1999team fortress classic
44%
2009left 4 dead 2
43%
2001half life blue shift
40%
1999half life opposing force
39%
2003day of defeat
31%
2004counter strike condition zero
30%
2000ricochet
28%
2005half life 2 lost coast
20%
2005day of defeat source
19%
2000deathmatch classic
18%
2010alien swarn
1%
2004half lfe 2 deathmatch
0%

Score Distribution

Percentile by Number Answered

Percent of People with Each Score

Your Score History

You have not taken this quiz